00508nam a2200193Ia 4500001000900000003000500009005001700014008004100031010001100072020001800083040000900101082001300110100001400123245008300137260004300220300001000263500001300273650002800286dia_1716CHAP20230620142747.0220117s1998 xx 000 0 und d a172261 a84-200-0917-2 cCHAP a641.3 M3 aMazza, G. aAlimentos Funcionales: Aspectos Bioquímicos y de Procesado /c por G. Mazza aZaragoza (España) :b Acribia,c1998 a457 p aI.228705 aAlimentosxbioquímica